000 01681cam a2200457Ia 4500
001 sjds1093327
003 sjds
005 20171129185134.0
008 051202t20052005flua c 000 1 spa d
020 _a1598200348 (pbk.)
020 _a9781598200348 (pbk.)
035 _a330952
035 _a(OCoLC)62407055
035 _a330952
040 _aUUC
_cUUC
_dBAKER
_dSAP
_dLNQ
_dBTCTA
_dUtOrBLW
041 1 _aspa
_heng
049 _aIFAA
099 _aCHILDREN ESPANOL FICTION MCDONALD
100 1 _aMcDonald, Megan,
_eauthor.
240 1 0 _aJudy Moody, M.D.
_lSpanish
245 1 0 _aDoctora Judy Moody /
_cMegan McDonald ; ilustraciones de Peter H. Reynolds.
260 _a[Miami, Fla.] :
_bAlfaguara,
_cc2005
264 1 _a[Miami, Fla.] :
_bAlfaguara,
_c[2005]
264 4 _cc2005
300 _a175 pages :
_billustrations ;
_c19 cm
336 _atext
_btxt
_2rdacontent
337 _aunmediated
_bn
_2rdamedia
338 _avolume
_bnc
_2rdacarrier
520 _aJudy is excited about becoming a doctor, especially when Class 3T starts a new unit on the human body, but she learns more about being a patient when she catches tonsillitis from her little brother, Stink.
526 0 _aAccelerated Reader
_bLG
_c3.5
_d2.0
_z80135SP
650 0 _aSick
_vJuvenile fiction.
650 0 _aMedical fiction.
650 0 _aBrothers and sisters
_vJuvenile fiction.
650 0 _aSchools
_vJuvenile fiction.
650 7 _aEnfermos
_vNovela juvenil.
_2bidex
650 7 _aAtención médica
_vNovela juvenil.
_2bidex
650 7 _aHermanos
_vNovela juvenil.
_2bidex
650 7 _aEscuelas
_vNovela juvenil.
_2bidex
700 1 _aReynolds, Peter,
_d1961-
_eillustrator.
942 _cBK
999 _c17437
_d17437